Linie tramwajowe w Poznaniu - Statystyki

Ogólne statystyki
  • Ten quiz został rozwiązany 658 razy
  • Średni wynik to 28 z 36
Statystyki odpowiedzi
X Nazwa przystanku końcowego Numer linii tramwajowej % Poprawnych
2. Franowo 1
90%
2. Franowo 16
90%
2. Franowo 18
90%
1. Junikowo 1
89%
1. Junikowo 6
89%
1. Junikowo 13
89%
1. Ogrody 2
89%
1. Ogrody 7
89%
1. Ogrody 17
89%
1. Ogrody 18
89%
2. Dębiec PKM 2
88%
1. Dębiec PKM 10
88%
1. Górczyn PKM 5
85%
1. Górczyn PKM 8
85%
2. Górczyn PKM 14
85%
1. Os. Sobieskiego 12
84%
1. Os. Sobieskiego 14
84%
1. Os. Sobieskiego 15
84%
1. Os. Sobieskiego 16
84%
2. Os. Sobieskiego 17
84%
2. Starołęka Mała 9
84%
2. Starołęka PKM 4
84%
2. Starołęka PKM 12
84%
2. Miłostowo 6
78%
2. Miłostowo 8
78%
2. Błażeja 3
75%
2. Błażeja 10
75%
2. Unii Lubelskiej 5
67%
2. Unii Lubelskiej 11
67%
2. Zawady 7
67%
1. Piątkowska 9
65%
1. Piątkowska 11
65%
2. Budziszyńska 15
63%
1. Połabska 4
62%
1. Pl. Wielkopolski 3
25%
2. Pl. Wielkopolski 13
25%
Nie znaleziono quizów pasujących do podanych kryteriów
Rozkład punktacji
Procent ludzi z każdym wynikiem
Percentyl według liczby udzielonych odpowiedzi
Twoja historia wyników
Nie rozwiązałeś tego quizu